Tìm hiểu cấu trúc và mô phỏng sự cố lò phản ứng nước áp lực hai vòng bằng phần mềm PCTRAN : Luận văn thạc sĩ Vật lý chuyên ngành Vật lý Kỹ thuật

Đề tài trình bày tổng quan về tình hình năng lượng nguyên tử và lò phản ứng hạt nhân, giới thiệu phần mềm mô phỏng PCTRAN và mô phỏng sự cố lò phản ứng nước áp lực 2 vòng bằng phần mềm PCTRAN....

Ful tanımlama

Kaydedildi:
Detaylı Bibliyografya
Yazar: Nguyễn, Quang Duy
Materyal Türü: Kitap
Dil:Undetermined
Baskı/Yayın Bilgisi: Cần Thơ Đại học Cần Thơ 2010
Konular:
Etiketler: Etiketle
Etiket eklenmemiş, İlk siz ekleyin!
Thư viện lưu trữ: Trung tâm Học liệu Trường Đại học Cần Thơ
LEADER 01179nam a2200217Ia 4500
001 CTU_162330
008 210402s9999 xx 000 0 und d
082 |a 539.7 
082 |b D523 
088 |a 60440103 
100 |a Nguyễn, Quang Duy 
245 0 |a Tìm hiểu cấu trúc và mô phỏng sự cố lò phản ứng nước áp lực hai vòng bằng phần mềm PCTRAN : 
245 0 |b Luận văn thạc sĩ Vật lý chuyên ngành Vật lý Kỹ thuật 
245 0 |c Nguyễn Quang Duy ; Võ Hồng Hải ( Cán bộ hướng dẫn) 
260 |a Cần Thơ 
260 |b Đại học Cần Thơ 
260 |c 2010 
520 |a Đề tài trình bày tổng quan về tình hình năng lượng nguyên tử và lò phản ứng hạt nhân, giới thiệu phần mềm mô phỏng PCTRAN và mô phỏng sự cố lò phản ứng nước áp lực 2 vòng bằng phần mềm PCTRAN. 
650 |a Nuclear reactors,Lò phản ứng hạt nhân 
904 |i Mỹ Huệ, Hải 
980 |a Trung tâm Học liệu Trường Đại học Cần Thơ